书目信息 |
| 题名: |
了解科学
|
|
| 作者: | 刘承沛 译 | |
| 分册: | ||
| 出版信息: | 北京 科学技术文献出版社 1978 |
|
| 页数: | 92页 | |
| 开本: | 19cm | |
| 丛书名: | ||
| 单 册: | ||
| 中图分类: | N49 , G3-49 | |
| 科图分类: | ||
| 主题词: | 科学知识--普及读物 | |
| 电子资源: | ||
| ISBN: | ||
| 000 | 00694nam0 2200265 45 | |
| 001 | 0178001059 | |
| 005 | 20040505163620.0 | |
| 010 | @dCNY0.25 | |
| 091 | @a17176.156 | |
| 100 | @a19950726d1978 em y0chiy0121 ea | |
| 101 | 1 | @achi@ceng |
| 102 | @aCN@b110000 | |
| 105 | @ay z 000yy | |
| 106 | @ar | |
| 200 | 10 | @a了解科学@Aliao jie ke xue@f刘承沛等译 |
| 210 | @a北京@c科学技术文献出版社@d1978 | |
| 215 | @a92页@d19cm | |
| 300 | @a书名原文:Uderstanding science | |
| 510 | 1 | @aUderstanding science@zeng |
| 606 | @a科学知识@x普及读物 | |
| 690 | @aN49@v3 | |
| 690 | @aG3-49 | |
| 701 | 0 | @a刘承沛@Aliu cheng pei@4译 |
| 801 | 0 | @aCN@bNLC@c20040505 |
| 905 | @f3@b25475-477@dG3-49@e3 | |
| 了解科学/刘承沛等译.-北京:科学技术文献出版社,1978 |
| 92页;19cm |
| 书名原文:Uderstanding science |
| ISBN :CNY0.25 |
| ● |
| 相关链接 |
|
|
|
|
正题名:了解科学
索取号:G3-49/3
 
预约/预借
| 序号 | 登录号 | 条形码 | 馆藏地/架位号 | 状态 | 备注 |
| 1 | 0025475 | 000988970 | 密集书库/ [索取号:G3-49/3] | 在馆 | |
| 2 | 0025476 | 000989041 | 第一样本阅览室/ [索取号:G3-49/3] | 在馆 | |
| 3 | 0025477 | 000988989 | 密集书库/ [索取号:G3-49/3] | 在馆 |